00222nam a2200097Ia 4500100003500000245003100035260001500066082001300081300000700094546002300101 aProductivity Development Team  aJust in time for operators b#N/Ac1998 a658bPDT a71 aENGLISHcInfo.Tech